LEADER 01077nam a2200217 i 4500 001 000000255789 003 CaOOAMICUS 005 20171018000000.0 008 171018s1861 it u000 u ita u 013 $a234697 040 $aSeMil$bita 100 1 $aVenosta, Felice.$0(OLS)http://semarc/name/3295 245 12$aI martiri della rivoluzione lombarda :$bdal settembre 1847 al febbraio 1853 : memorie /$craccolte da Felice Venosta. 260 $aMilano :$bGernia e Giannuzzi,$c1861. 300 $a506 p., [1] c. di tav. :$bill. ;$c22 cm. 650 4$aRisorgimento italiano - Lombardia - 1847-1853 - Diari e memorie.$0(OLS)http://semarc/subject/46976 650 4$aMartiri del Risorgimento - Lombardia - 1847-1853.$0(OLS)http://semarc/subject/46977 850 $aSeMil 852 $aSeMil$W1$xVenegono$y1$m3S III 102 FA$j206135$B206135$CSeMilBibl$Z2$F219554 $8I 996 $6245$aI martiri della rivoluzione lombarda :$bdal settembre 1847 al febbraio 1853 : memorie$9(OLS)http://semarc/title/411861 996 $6260$aMilano :$bGernia e Giannuzzi$9(OLS)http://semarc/publisher/57600 LEADER 01117nam a2200277 i 4500 001 000000111537 003 CaOOAMICUS 005 20030123000000.0 008 030123s2002 it u000 u ita u 013 $a84219 020 $a88-399-1195-2 040 $aSeMil$bita 100 1 $aFavaro, Gaetano,$c.$0(OLS)http://semarc/name/3240 245 13$aIl dialogo interreligioso /$cGaetano Favaro. 260 $aBrescia :$bQueriniana,$ccopyr. 2002. 300 $a318 p. ;$c19 cm. 490 0 $aPiccola biblioteca delle religioni ;$v25 500 $aContiene : bibliografia. 650 4$aDialogo interreligioso.$0(OLS)http://semarc/subject/2257 830 0$aPiccola biblioteca delle religioni ;$v25.$0(OLS)http://semarc/title/8176 850 $aSeMil 852 $aSeMil$W1$xVenegono$y1$m2R VII 85$j67364$B67364$CSeMilBibl$Z2$F73741 $81 961 $aRecupero: Seminario di Seveso 996 $6020$a88-399-1195-2$9(OLS)http://semarc/number/93766 996 $6245$aIl dialogo interreligioso$9(OLS)http://semarc/title/162386 996 $6260$aBrescia :$bQueriniana$9(OLS)http://semarc/publisher/29615